000 00823nam a22001817a 4500
005 20120416111237.0
020 _c150.00
_a
035 _aB-225
037 _b
_adpl
082 _a363.73
100 _aश्रीवास्तव, गोपीनाथ
_945113
245 1 _aपर्यावरण-प्रदूषण /
_cगोपीनाथ श्रीवास्तव
260 _aदिल्ली
_bसुनील साहित्य सदन
_c2000
270 _a
_b
_e
_k
300 _a176पृ.
_c22सेमी (सजिल्द)
942 _adpl
_cHN
_k
_2ddc
_h363.73
_mश्रीवास्त
999 _c65014
_d65014